000 00549nam a2200181Ia 4500
003 GCL
008 140319s9999 xx 000 0 ara d
040 _aGCL /
_cGCL
082 0 4 _a961.18
_bا ع
100 1 _aابوالقاسم محمد كرو
245 1 0 _aعصر القيروان /
_cابوالقاسم محمد كرو
260 _a[S.N] :
_bطلاس للدراسات والترجمة والنشر ،
_c1989
300 _a120 ص
490 _a
650 0 4 _aالقيروان
650 0 4 _aالتاريخ الاسلامى
942 _2ddc
_cBK
999 _c28311
_d28311